[Event "GER-chT U20"]
[Site "Osnabrueck"]
[Date "2018.12.29"]
[Round "6.6"]
[White "Elier, Ali"]
[Black "Karlisch, Moritz"]
[Result "0-1"]
[WhiteElo "1989"]
[BlackElo "1864"]
[PlyCount "90"]
[EventDate "2018.12.27"]
[EventType "team-swiss"]
[EventRounds "7"]
[EventCountry "GER"]
[SourceTitle "CBM 188 Extra"]
[Source "ChessBase"]
[SourceDate "2019.02.26"]
[SourceVersion "1"]
[SourceVersionDate "2019.02.26"]
[SourceQuality "1"]
[WhiteTeam "Brackel"]
[BlackTeam "Kiel Doppelbauer"]
[WhiteTeamCountry "GER"]
[BlackTeamCountry "GER"]

1. e4 e6 2. d4 d5 3. Nd2 Nf6 4. e5 Nfd7 5. f4 c5 6. c3 Nc6 7. Ndf3 Qb6 8. g3 cxd4 9. cxd4 Bb4+ 10. Kf2 g5 11. fxg5 Ndxe5 12. Nxe5 Nxe5 13. Kg2 Nc6 14. Nf3 Bf8 15. Bd3 Bg7 16. b4 Bd7 17. b5 Na5 18. Bf4 Bxd4 19. Rc1 Bc5 20. Be5 Rf8 21. Bxh7 Nc4 22. Rxc4 dxc4 23. Bf6 Be7 24. Bg7 0-0-0 25. Bxf8 Bxf8 26. Qa1 Bxb5 27. Be4 Bc6 28. Bxc6 Qxc6 29. Rf1 Rd2+ 30. Kh1 c3 31. h4 Rd3 32. Kg2 Rxf3 33. Rxf3 c2 34. Qc1 Ba3 35. Qxa3 c1Q 36. Qxc1 Qxc1 37. Rxf7 e5 38. Kh3 Kd8 39. g6 Qc8+ 40. g4 Qc3+ 41. Kg2 Qc2+ 42. Kg3 Qxg6 43. Rf5 Qe6 44. h5 Ke7 45. Rf1 e4 0-1

[Event "GER-chT U20"]
[Site "Osnabrueck"]
[Date "2018.12.27"]
[Round "1.6"]
[White "Simrock, Manuel"]
[Black "Karlisch, Moritz"]
[Result "0-1"]
[WhiteElo "1146"]
[BlackElo "1864"]
[PlyCount "45"]
[EventDate "2018.12.27"]
[EventType "team-swiss"]
[EventRounds "7"]
[EventCountry "GER"]
[SourceTitle "CBM 188 Extra"]
[Source "ChessBase"]
[SourceDate "2019.02.26"]
[SourceVersion "1"]
[SourceVersionDate "2019.02.26"]
[SourceQuality "1"]
[WhiteTeam "Bensheim"]
[BlackTeam "Kiel Doppelbauer"]
[WhiteTeamCountry "GER"]
[BlackTeamCountry "GER"]

1. e4 e6 2. d4 d5 3. exd5 exd5 4. Nf3 Bd6 5. Bd3 Ne7 6. 0-0 0-0 7. Ne5 Bf5 8. Re1 Nd7 9. Nxd7 Qxd7 10. Nc3 c6 11. Bg5 Ng6 12. Ne2 Rae8 13. Qd2 Bxd3 14. Qxd3 f6 15. Be3 f5 16. Bg5 f4 17. Kh1 Qg4 18. h4 f3 19. Ng3 Rxe1+ 20. Rxe1 Nxh4 21. Bxh4 Qxh4+ 22. Kg1 Bxg3 23. Qf1 0-1

[Event "Kiel op 31st"]
[Site "Kiel"]
[Date "2018.07.28"]
[Round "1"]
[White "Easwaralingam, Adesh"]
[Black "Karlisch, Moritz"]
[Result "1/2-1/2"]
[WhiteElo "2168"]
[BlackElo "1839"]
[PlyCount "94"]
[EventDate "2018.07.28"]
[EventType "swiss"]
[EventRounds "9"]
[EventCountry "GER"]
[SourceTitle "CBM 185 Extra"]
[Source "ChessBase"]
[SourceDate "2018.07.29"]
[SourceVersion "1"]
[SourceVersionDate "2018.07.29"]
[SourceQuality "1"]

1. e4 e6 2. d4 d5 3. Nd2 Nf6 4. e5 Nfd7 5. Bd3 c5 6. c3 Nc6 7. Ne2 cxd4 8. cxd4 f6 9. exf6 Nxf6 10. 0-0 Bd6 11. Nf3 Qc7 12. Nc3 a6 13. Bg5 0-0 14. h3 Bd7 15. Rc1 Rae8 16. Re1 Bf4 17. Bxf4 Qxf4 18. Ne2 Qb8 19. Qd2 Nh5 20. Qg5 Nf4 21. Bb1 Nxe2+ 22. Rxe2 Qf4 23. Rd1 Qxg5 24. Nxg5 g6 25. b3 Kg7 26. Nf3 Rf4 27. Kh2 Ref8 28. Kg3 h6 29. Rc2 g5 30. h4 g4 31. Ne5 Nxe5 32. Rc7 Nc6 33. Rxd7+ R4f7 34. Rxf7+ Rxf7 35. Kxg4 Rxf2 36. g3 Re2 37. Kf4 a5 38. h5 Nxd4 39. Rxd4 Re1 40. Ra4 Rxb1 41. Rxa5 Kf6 42. Rb5 Rf1+ 43. Ke3 Ke5 44. Rxb7 d4+ 45. Ke2 Rb1 46. Kd3 Rd1+ 47. Ke2 Rb1 1/2-1/2

[Event "Kiel op 30th"]
[Site "Kiel"]
[Date "2017.08.04"]
[Round "9.30"]
[White "Fleischmann, Yannic"]
[Black "Karlisch, Moritz"]
[Result "1/2-1/2"]
[WhiteElo "1614"]
[BlackElo "1887"]
[PlyCount "87"]
[EventDate "2017.07.29"]
[EventType "swiss"]
[EventRounds "9"]
[EventCountry "GER"]
[SourceTitle "EXT 2018"]
[Source "ChessBase"]
[SourceDate "2017.10.13"]
[SourceVersion "1"]
[SourceVersionDate "2017.10.13"]
[SourceQuality "1"]

1. e4 e6 2. d3 d5 3. Nd2 c5 4. Ngf3 Nf6 5. g3 g6 6. Bg2 Bg7 7. 0-0 0-0 8. Re1 Nc6 9. c3 b5 10. Qe2 Bb7 11. Nf1 Qb6 12. e5 Nd7 13. Bf4 Rfe8 14. h4 b4 15. N1h2 f6 16. Ng4 Ba6 17. exf6 Nxf6 18. Nh6+ Bxh6 19. Bxh6 e5 20. Bg5 Ne4 21. Qc2 Nxg5 22. Nxg5 Rad8 23. Rad1 Kg7 24. Kh2 Qc7 25. Nh3 Qb6 26. f4 Bb7 27. fxe5 Nxe5 28. Nf2 a5 29. Re2 d4 30. c4 Bxg2 31. Kxg2 Qc6+ 32. Ne4 Ng4 33. Rde1 Ne3+ 34. Rxe3 dxe3 35. Rxe3 a4 36. b3 axb3 37. Qb2+ Rd4 38. axb3 Kg8 39. Qe2 Ra8 40. Kh2 Ra3 41. Nxc5 Qxc5 42. Re8+ Kg7 43. Re7+ Kf8 44. Re8+ 1/2-1/2

[Event "Kiel op 30th"]
[Site "Kiel"]
[Date "2017.07.30"]
[Round "3"]
[White "Moeller, Dustin"]
[Black "Karlisch, Moritz"]
[Result "1-0"]
[WhiteElo "2079"]
[BlackElo "1887"]
[PlyCount "31"]
[EventDate "2017.07.29"]
[EventType "swiss"]
[EventRounds "9"]
[EventCountry "GER"]
[SourceTitle "EXT 2018"]
[Source "ChessBase"]
[SourceDate "2017.10.13"]
[SourceVersion "1"]
[SourceVersionDate "2017.10.13"]
[SourceQuality "1"]

1. d4 Nf6 2. c4 e6 3. Nf3 d5 4. g3 Be7 5. Bg2 0-0 6. 0-0 dxc4 7. Qc2 a6 8. a4 Bd7 9. Rd1 Bc6 10. Nc3 Nbd7 11. e4 b6 12. d5 exd5 13. e5 Ne4 14. Nxd5 Nec5 15. Nxe7+ Qxe7 16. Ng5 1-0

[Event "Kiel op-A 29th"]
[Site "Kiel"]
[Date "2016.07.31"]
[Round "4"]
[White "Karlisch, Moritz"]
[Black "Voelzke, Ferdinand"]
[Result "1/2-1/2"]
[WhiteElo "1823"]
[BlackElo "2159"]
[PlyCount "84"]
[EventDate "2016.07.30"]
[EventType "swiss"]
[EventRounds "9"]
[EventCountry "GER"]
[SourceTitle "CBM 173 Extra"]
[Source "ChessBase"]
[SourceDate "2016.08.29"]
[SourceVersion "1"]
[SourceVersionDate "2016.08.29"]
[SourceQuality "1"]

1. d4 Nf6 2. c4 g6 3. Nc3 Bg7 4. e4 d6 5. Nf3 0-0 6. Be2 e5 7. d5 a5 8. Bg5 Na6 9. 0-0 Qe8 10. Nd2 Nd7 11. a3 h6 12. Be3 f5 13. f3 f4 14. Bf2 g5 15. b4 b6 16. bxa5 bxa5 17. Nb3 a4 18. Nxa4 Nf6 19. Nc3 h5 20. c5 g4 21. cxd6 cxd6 22. Bh4 Qg6 23. Nb5 Ne8 24. Na5 Bd7 25. Nc6 Rf7 26. Ne7+ Rxe7 27. Bxe7 gxf3 28. Rxf3 Nc5 29. Nc3 Bf6 30. Bxf6 Nxf6 31. Qb1 Kh7 32. h3 Rg8 33. Bf1 Kh6 34. Ra2 Nh7 35. Kf2 Ng5 36. Be2 Nxf3 37. Bxf3 Qg3+ 38. Ke2 Bxh3 39. Qh1 Bg4 40. Kf1 Nd3 41. Re2 Nc1 42. Rc2 Nd3 1/2-1/2

[Event "GER-chT U16"]
[Site "Lingen"]
[Date "2015.12.28"]
[Round "3.2"]
[White "Reindl, Arno"]
[Black "Karlisch, Moritz"]
[Result "1/2-1/2"]
[WhiteElo "1743"]
[BlackElo "1786"]
[PlyCount "80"]
[EventDate "2015.12.27"]
[EventType "team-swiss"]
[EventRounds "7"]
[EventCountry "GER"]
[SourceTitle "EXT 2017"]
[Source "ChessBase"]
[SourceDate "2016.10.25"]
[SourceVersion "1"]
[SourceVersionDate "2016.10.25"]
[SourceQuality "1"]
[WhiteTeam "Schwaebisch Gmuend"]
[BlackTeam "Kiel Doppelbauer"]
[WhiteTeamCountry "GER"]
[BlackTeamCountry "GER"]

1. e4 e6 2. Nf3 d5 3. e5 c5 4. b4 cxb4 5. a3 Nc6 6. axb4 Bxb4 7. c3 Be7 8. d4 f6 9. Bd3 fxe5 10. dxe5 d4 11. cxd4 Bb4+ 12. Bd2 Bxd2+ 13. Qxd2 Qe7 14. 0-0 Nh6 15. Nc3 Nf7 16. Ne4 0-0 17. Neg5 Nxg5 18. Nxg5 h6 19. Nf3 Rd8 20. Be4 Nb4 21. Rfb1 Nd5 22. Rb3 b6 23. Bxd5 Rxd5 24. Rxb6 axb6 25. Rxa8 Qb7 26. Ra1 Bd7 27. Qb2 Rb5 28. Qc2 Bc6 29. Qc4 Qd7 30. Rc1 Bd5 31. Qc2 Bxf3 32. Qc8+ Qxc8 33. Rxc8+ Kf7 34. Rc7+ Kg6 35. gxf3 Rd5 36. Rc6 Kf5 37. Rxb6 Rxd4 38. Rb5 Kf4 39. Kg2 g5 40. Ra5 Rc4 1/2-1/2

[Event "Kiel op 28th"]
[Site "Kiel"]
[Date "2015.07.29"]
[Round "7"]
[White "Karlisch, Moritz"]
[Black "Berenstein, Alexander"]
[Result "1/2-1/2"]
[WhiteElo "1722"]
[BlackElo "2030"]
[PlyCount "141"]
[EventDate "2015.07.25"]
[EventType "swiss"]
[EventRounds "9"]
[EventCountry "GER"]
[SourceTitle "CBM 167 Extra"]
[Source "ChessBase"]
[SourceDate "2015.09.14"]
[SourceVersion "1"]
[SourceVersionDate "2015.09.14"]
[SourceQuality "1"]

1. d4 Nf6 2. Bg5 d5 3. Nd2 Bf5 4. e3 Nbd7 5. c4 dxc4 6. Bxc4 Nb6 7. Qb3 Nxc4 8. Nxc4 Qd5 9. f3 Be6 10. Bxf6 exf6 11. Nd2 Qxb3 12. Nxb3 Bb4+ 13. Nd2 0-0 14. a3 Be7 15. Ne2 c5 16. Rc1 Rac8 17. Kf2 Rfd8 18. Ne4 b6 19. dxc5 bxc5 20. Rhd1 Rxd1 21. Rxd1 Rb8 22. Rd2 f5 23. N4c3 g6 24. Nd1 Kf8 25. Nec3 a5 26. Ke1 Ke8 27. Nd5 Bd8 28. N1c3 Bd7 29. Kd1 h5 30. Re2 Be6 31. e4 fxe4 32. Nxe4 Kf8 33. Nxc5 Bc8 34. Nc3 Be7 35. N5e4 Be6 36. Kc2 Bb3+ 37. Kb1 Bc4 38. Rd2 Bxa3 39. Kc1 Bb4 40. Rd4 Bb3 41. Kd2 a4 42. Kd3 a3 43. bxa3 Bxa3 44. Nf6 Kg7 45. Nfe4 Rb7 46. f4 Be6 47. Nd1 f5 48. Ng5 Bb3 49. Nc3 Bc5 50. Rd8 Be7 51. Rd4 Bf6 52. Rd6 Bxg5 53. fxg5 Bf7 54. Ne2 Re7 55. Nf4 Re1 56. Kd2 Re4 57. g3 Re8 58. Rd7 Ra8 59. Ke3 Ra6 60. h4 Kf8 61. Rd2 Ke7 62. Rb2 Be8 63. Rd2 Ra3+ 64. Kf2 Kf7 65. Rc2 Ra7 66. Ne2 Ke6 67. Nf4+ Kf7 68. Rb2 Rc7 69. Ne2 Re7 70. Nf4 Ra7 71. Rc2 1/2-1/2

[Event "GER-chT U14"]
[Site "Magdeburg"]
[Date "2012.12.27"]
[Round "1.4"]
[White "Karlisch, Moritz"]
[Black "Yang, Daniel Danyang"]
[Result "1/2-1/2"]
[WhiteElo "1294"]
[BlackElo "1576"]
[PlyCount "83"]
[EventDate "2012.12.27"]
[EventType "team-swiss"]
[EventRounds "7"]
[EventCountry "GER"]
[SourceTitle "EXT 2014"]
[Source "ChessBase"]
[SourceDate "2013.11.20"]
[SourceVersion "1"]
[SourceVersionDate "2013.11.20"]
[SourceQuality "1"]
[WhiteTeam "Kiel Doppelbauer"]
[BlackTeam "Porz SG"]
[WhiteTeamCountry "GER"]
[BlackTeamCountry "GER"]

1. e4 c6 2. d4 d5 3. Nc3 dxe4 4. Nxe4 Nf6 5. Ng5 h6 6. N5f3 Bg4 7. Bc4 e6 8. h3 Bh5 9. Be3 Nbd7 10. Bd3 e5 11. g4 e4 12. gxh5 exd3 13. Qxd3 Nxh5 14. 0-0-0 Be7 15. Ne2 Qa5 16. Kb1 0-0-0 17. Qb3 Rhf8 18. d5 Nb8 19. dxc6 Nxc6 20. Rxd8+ Bxd8 21. Qc4 Bb6 22. Bxb6 axb6 23. Ned4 Qc5 24. Qxc5 bxc5 25. Nxc6 bxc6 26. Re1 Nf4 27. h4 Kd7 28. Re4 Nd5 29. Ne5+ Kd6 30. Nd3 Nb6 31. b3 f5 32. Re1 Nd5 33. a3 Rb8 34. Kb2 c4 35. Nc1 cxb3 36. cxb3 c5 37. Na2 Nf4 38. Re3 Kd5 39. Kc3 Ra8 40. a4 Rc8 41. Nc1 c4 42. b4 1/2-1/2

[Event "Kiel Cup U20"]
[Site "Kiel"]
[Date "2012.10.05"]
[Round "3"]
[White "Svane, Frederik"]
[Black "Karlisch, Moritz"]
[Result "1-0"]
[WhiteElo "1680"]
[BlackElo "1278"]
[PlyCount "89"]
[EventDate "2012.10.??"]
[EventType "swiss"]
[EventRounds "7"]
[EventCountry "GER"]
[SourceTitle "EXT 2015"]
[Source "ChessBase"]
[SourceDate "2014.11.20"]
[SourceVersion "1"]
[SourceVersionDate "2014.11.20"]
[SourceQuality "1"]

1. e4 e6 2. d4 d5 3. Nd2 Nf6 4. e5 Nfd7 5. f4 c5 6. c3 Nc6 7. Ndf3 Qb6 8. g3 cxd4 9. cxd4 Bb4+ 10. Kf2 g5 11. Nxg5 Qxd4+ 12. Qxd4 Nxd4 13. Bd3 h6 14. N5f3 Bc5 15. Be3 Nxf3 16. Nxf3 b6 17. Bb5 Bb7 18. Rac1 Rc8 19. a3 Bxe3+ 20. Kxe3 Rxc1 21. Rxc1 Kd8 22. Nd4 a6 23. Bc6 Kc7 24. Bxd5+ Kb8 25. Bxb7 Kxb7 26. Rc6 Rc8 27. Rd6 Kc7 28. b4 Kd8 29. Nc6+ Ke8 30. Kd2 h5 31. h3 Nb8 32. Nxb8 Rxb8 33. g4 hxg4 34. hxg4 a5 35. b5 Ke7 36. f5 Rg8 37. f6+ Ke8 38. Rxb6 Rxg4 39. Rb8+ Kd7 40. Rb7+ Ke8 41. Re7+ Kd8 42. b6 Rd4+ 43. Kc3 Rd7 44. b7 Rc7+ 45. Kd4 1-0

[Event "GER-chT North U14"]
[Site "Magdeburg"]
[Date "2012.09.06"]
[Round "2.4"]
[White "Giese, Patrick"]
[Black "Karlisch, Moritz"]
[Result "0-1"]
[WhiteElo "859"]
[BlackElo "1327"]
[PlyCount "90"]
[EventDate "2012.09.06"]
[EventType "team-swiss"]
[EventRounds "7"]
[EventCountry "GER"]
[SourceTitle "EXT 2015"]
[Source "ChessBase"]
[SourceDate "2014.11.20"]
[SourceVersion "1"]
[SourceVersionDate "2014.11.20"]
[SourceQuality "1"]
[WhiteTeam "Ruedersdorf"]
[BlackTeam "Kiel Doppelbauer"]
[WhiteTeamCountry "GER"]
[BlackTeamCountry "GER"]

1. e4 c5 2. Nf3 d6 3. d4 cxd4 4. Nxd4 Nf6 5. Nc3 a6 6. Be3 e5 7. Nf3 Be7 8. Qd2 Be6 9. Be2 Nbd7 10. 0-0 0-0 11. h3 Rc8 12. Rac1 b5 13. b3 Nc5 14. Ng5 Bd7 15. b4 Ne6 16. Bf3 h6 17. Nxe6 Bxe6 18. Nd5 Nxd5 19. exd5 Bf5 20. Qe2 Bf6 21. Bg4 Bxg4 22. Qxg4 Rc4 23. Qg3 Bh4 24. Qf3 Rxb4 25. c3 Rc4 26. Rc2 Bf6 27. Rfc1 Qe7 28. Qg3 Kh8 29. Bb6 Qb7 30. Ba5 Qxd5 31. Bb4 Rd8 32. Ba5 Re8 33. Qe3 Bg5 34. Qe2 Bxc1 35. Rxc1 Qc6 36. Qh5 Kg8 37. Qd1 Rc8 38. Rb1 d5 39. a3 d4 40. cxd4 exd4 41. Rb4 Rc1 42. Qxc1 Qxc1+ 43. Kh2 Qf4+ 44. g3 Qxf2+ 45. Kh1 Rc1# 0-1

[Event "GER-chT U12"]
[Site "Arendsee"]
[Date "2011.12.27"]
[Round "1.3"]
[White "Karlisch, Moritz"]
[Black "Schamschurko, Andre"]
[Result "1/2-1/2"]
[WhiteElo "1260"]
[BlackElo "1738"]
[PlyCount "61"]
[EventDate "2011.12.27"]
[EventType "team-swiss"]
[EventRounds "7"]
[EventCountry "GER"]
[SourceTitle "EXT 2022"]
[Source "ChessBase"]
[SourceDate "2021.10.06"]
[SourceVersion "1"]
[SourceVersionDate "2021.10.06"]
[SourceQuality "1"]
[WhiteTeam "Kiel Doppelbauer U12"]
[BlackTeam "Dresden USV TU U12"]
[WhiteTeamCountry "GER"]
[BlackTeamCountry "GER"]

1. e4 e6 2. d4 d5 3. Nd2 Nf6 4. e5 Nfd7 5. Bd3 c5 6. c3 f6 7. Qh5+ Ke7 8. Ndf3 Qe8 9. Qh4 Kd8 10. Ne2 Be7 11. Qg3 Qf7 12. 0-0 b6 13. Be3 Ba6 14. Bxa6 Nxa6 15. Rac1 b5 16. exf6 gxf6 17. Nd2 Rg8 18. Qf3 Rc8 19. Bf4 e5 20. dxe5 fxe5 21. Bg3 Qe6 22. Rfe1 Bg5 23. Rcd1 Nf6 24. Qd3 Bxd2 25. Qxd2 Nc7 26. Nf4 Qd6 27. Nd3 Ne4 28. Qe2 Nxg3 29. hxg3 e4 30. Nf4 Re8 31. Qh5 1/2-1/2

[Event "Kiel Cup U18"]
[Site "Kiel"]
[Date "2008.10.19"]
[Round "7.21"]
[White "Karlisch, Moritz"]
[Black "Schneckenburger, Johanna"]
[Result "0-1"]
[WhiteElo "753"]
[BlackElo "811"]
[PlyCount "62"]
[EventDate "2008.10.16"]
[EventType "team-swiss"]
[EventRounds "7"]
[EventCountry "GER"]
[SourceTitle "EXT 2011"]
[Source "ChessBase"]
[SourceDate "2010.11.26"]
[SourceVersion "1"]
[SourceVersionDate "2010.11.26"]
[SourceQuality "1"]

1. e4 e5 2. Nf3 Nc6 3. Bc4 Bc5 4. c3 Nf6 5. d4 exd4 6. cxd4 Bb4+ 7. Nc3 Nxe4 8. 0-0 Bxc3 9. d5 Bf6 10. Re1 Nb4 11. Rxe4+ Kf8 12. Qb3 d6 13. Qxb4 c5 14. dxc6 bxc6 15. Bf4 Be7 16. Qb3 d5 17. Bxd5 cxd5 18. Rd4 Be6 19. Rc1 Qd7 20. Rc7 Qd8 21. Ne5 Rb8 22. Qc2 Rb5 23. b4 Qe8 24. Rxa7 Bxb4 25. Qa4 Bc5 26. Ra8 Rb1+ 27. Rd1 Rxd1+ 28. Qxd1 Qxa8 29. Qd2 Ke7 30. Nd3 Rc8 31. Kf1 d4 0-1